খুলনা জেলার সমাজ ও সংস্কৃতি, ১৮৮২-১৯৪৭ : (Record no. 77652)
[ view plain ]
| 000 -LEADER | |
|---|---|
| fixed length control field | 01883nam a2200277 a 4500 |
| 001 - CONTROL NUMBER | |
| control field | 77652 |
| 003 - CONTROL NUMBER IDENTIFIER | |
| rucl marc code | BD-RjUL |
| 005 - DATE AND TIME OF LATEST TRANSACTION | |
| control field | 20211209083016.0 |
| 008 - FIXED-LENGTH DATA ELEMENTS--GENERAL INFORMATION | |
| fixed length control field | 201220s2010 bg a|||| m||| 00| 0 ben d |
| 035 ## - SYSTEM CONTROL NUMBER | |
| System control number | (BD-RjUL)77878 |
| 040 ## - CATALOGING SOURCE | |
| Original cataloging agency | BD-RjUL |
| Language of cataloging | ben / eng |
| Transcribing agency | BD-RjUL |
| Modifying agency | BD-RjUL |
| 041 ## - LANGUAGE CODE | |
| Language code of text/sound track or separate title | ben |
| 082 ## - DEWEY DECIMAL CLASSIFICATION NUMBER | |
| Classification number | 954.925 |
| Author mark and year | BEK 2010 |
| Edition number | 23 |
| 100 ## - MAIN ENTRY--PERSONAL NAME | |
| Personal name | বেগম, মোছা. মেহেরউননেসা |
| 9 (RLIN) | 242711 |
| 245 10 - TITLE STATEMENT | |
| Title | খুলনা জেলার সমাজ ও সংস্কৃতি, ১৮৮২-১৯৪৭ : |
| Remainder of title | একটি ঐতিহাসিক পর্যালোচনা / |
| Statement of responsibility, etc. | মোছা. মেহেরউননেসা বেগম ; |
| Linkage | গবেষণা তত্ত্বাবধায়ক : মোহাম্মদ শাফি |
| 260 ## - PUBLICATION, DISTRIBUTION, ETC. (IMPRINT) | |
| Place of publication, distribution, etc. | রাজশাহী : |
| Name of publisher, distributor, etc. | ইতিহাস বিভাগ, রাজশাহী বিশ্ববিদ্যালয়, |
| Date of publication, distribution, etc. | ২০১০ |
| 300 ## - PHYSICAL DESCRIPTION | |
| Pagination | xiii, ৫৫১ পাতা : |
| Illustrations | চিত্র ; |
| Size | ২৯ সেমি. |
| 502 ## - DISSERTATION NOTE | |
| Dissertation note | থিসিস (পিএইচ. ডি.) -- ইতিহাস বিভাগ, রাজশাহী বিশ্ববিদ্যালয়, ২০১০ |
| 504 ## - BIBLIOGRAPHY, ETC. NOTE | |
| Bibliography, etc | গ্রন্থপঞ্জি : পাতা [৪৭১] - ৫০৭ |
| 651 ## - SUBJECT ADDED ENTRY--GEOGRAPHIC NAME | |
| Geographic name | বাংলাদেশ |
| Geographic subdivision | খুলনা জেলা |
| General subdivision | ইতিহাস |
| Chronological subdivision | ১৮৮২-১৯৪৭ |
| 9 (RLIN) | 242712 |
| Geographic name | Bangladesh |
| Geographic subdivision | Khulna District |
| General subdivision | History |
| Chronological subdivision | 1882-1947 |
| 9 (RLIN) | 242713 |
| Geographic name | বাংলাদেশ |
| Geographic subdivision | খুলনা জেলা |
| General subdivision | সামাজিক জীবন এবং রীতিনীতি |
| Chronological subdivision | ১৮৮২-১৯৪৭ |
| 9 (RLIN) | 242769 |
| Geographic name | Bangladesh |
| Geographic subdivision | Khulna District |
| General subdivision | Social life and customs. |
| Chronological subdivision | 1882-1947 |
| 9 (RLIN) | 242770 |
| 700 ## - ADDED ENTRY--PERSONAL NAME | |
| Personal name | শাফি, মোহাম্মদ, গবেষণা তত্ত্বাবধায়ক |
| 942 ## - ADDED ENTRY ELEMENTS (KOHA) | |
| Source of classification or shelving scheme | Dewey Decimal Classification |
| Koha item type | Theses |
| Lost status | Source of classification or shelving scheme | Damaged status | Not for loan | Collection code | Permanent Location | Current Location | Shelving location | Date acquired | Source of acquisition | Total Checkouts | Full call number | Date last seen | Copy number | Koha item type |
|---|---|---|---|---|---|---|---|---|---|---|---|---|---|---|
| Dewey Decimal Classification | Not For Loan | Theses | Central Library, University of Rajshahi | Central Library, University of Rajshahi | Documentation Section | 06/06/2011 | Controller of Exam., RU | BTHE 954.925 BEK 2010 | 20/12/2020 | C-1 | Theses |